019860000a22002890004500003001100000008004100011040003900052041000800091245002700099260007300126300001000199490004700209650020000256650010000456650012700556650016900683650019800852650005601050650012101106650017701227650010901404650005401513700002801567942000701595952007901602999001501681LK-CoMWRAF230817t ||||| |||| 00| 0 eng d aLK-CoMWRAFdLK-CoMWRAFeLK-CoMWRAF aeng aYouth risk Behaviourb bMarga Institute & University of OttawaaColombo 06 (Sri Lanka)c2008 ap.189 aMarga Journal - Special Issue (March 2008) aLiterature reviiew of Tobacco use by youth in Asia: Identifying knowledge gaps and future Tobacco control research needs for Youth in Post-conflict and Post-disaster Sri Lanka (Rosemerry Kennedy) aProfile of Sexual and Reproductive Inequalities affecting Chilean Adolescents (Andrea Martinez) aRebuilding Paradise lost: A reflection on youth risk Behaviour in Sri Lanka and the search for security (Carol Amaratunga) aRisk and Risiliency: Theoritical perspectives on Youth Health and Well-being (Heather Smith Fowler, Sonia Ter Kuile, Jill Hardt, Carol Amaratunga, Sujatha Liyanage) aRisky Behaviour: A Gender-based- Analysis of the Detriments to Health and Well-being of Young Men and Women in Post-conflict Sri Lanka (Sarath Amarasinghe, Chandika Gunasinghe, Ayesha Godagama) aSuicide and Sri Lankan Youth (Himalee Waidyasekera) aThe Prevalence and Risk factors of Risk Behaviours among late Adolescents (17-19 years) in Sri Lanka Neil Thalagala) aTobacco use and Production among Youth in Post-conflict and Developing Countries: The Perils of Globalization and Trade Liberalization (Ethel Tungohan and Lorraine Greaves) aYoung People's Initiation into Sexuality in Sri Lanka Society (Kalinga Tudor Silva, Stephen C. Schensul) aYouth Suicides in Sri Lanka (Dr. Ranil Abeyasing) aAmaratunga,, Caroleed. cBK 00104070aMAINbMAINd2023-08-17l0pRAF4488r2023-08-17w2023-08-17yBK c2221d2221